[Event "Verden op-B"]
[Site "Verden"]
[Date "2023.01.06"]
[Round "4"]
[White "Weist, Hartmut"]
[Black "Warnig, Marcel"]
[Result "1/2-1/2"]
[WhiteElo "1609"]
[BlackElo "1475"]
[PlyCount "177"]
[EventDate "2023.01.05"]
[EventType "swiss"]
[EventRounds "7"]
[EventCountry "GER"]
[SourceTitle "CBM 212 Extra"]
[Source "ChessBase"]
[SourceDate "2023.03.31"]
[SourceVersion "1"]
[SourceVersionDate "2023.03.31"]
[SourceQuality "1"]

1. e4 c5 2. Nf3 Nc6 3. d4 cxd4 4. Nxd4 g6 5. c4 Bg7 6. Be3 Nf6 7. Nc3 0-0 8. Be2 d6 9. 0-0 Bd7 10. f3 Qb6 11. Nc2 Qxb2 12. Na4 Qe5 13. Qd2 Qa5 14. Nc3 a6 15. Rab1 Qc7 16. Bb6 Qc8 17. Rfc1 Ne5 18. Na3 Bc6 19. Nd5 Qd7 20. Be3 Rae8 21. Nc2 Nxd5 22. cxd5 Ba4 23. Qb4 Bxc2 24. Rxc2 b5 25. Qa5 Ra8 26. Rc7 Qd8 27. Bb6 Nd7 28. Rbc1 Nxb6 29. Qxb6 Re8 30. Qb7 Bd4+ 31. Kf1 Ra7 32. Qc6 Rxc7 33. Qxc7 Bc5 34. Qxd8 Rxd8 35. Bd1 Kg7 36. Ke2 Kf6 37. f4 h5 38. Bc2 Kg7 39. Kf3 f6 40. h3 g5 41. f5 Kf7 42. Bd3 Ke8 43. Be2 Kd7 44. g4 hxg4+ 45. hxg4 Rh8 46. Kg2 Kc7 47. a4 Kb6 48. axb5 axb5 49. Rb1 b4 50. Ra1 Kb7 51. Ba6+ Kb6 52. Be2 Rb8 53. Ra6+ Kc7 54. Ra1 b3 55. Bd3 b2 56. Rh1 Kb6 57. Kf3 Ka5 58. Ke2 Kb4 59. Kd2 Bd4 60. Bb1 Rc8 61. Rd1 Be3+ 62. Kxe3 Rc1 63. Kd2 Rc3 64. Bc2 Rg3 65. Rb1 Rg2+ 66. Kd3 Ka3 67. Kc3 Rg3+ 68. Kd4 Rxg4 69. Rh1 Rg2 70. Bb1 Kb4 71. Rh7 Rg1 72. Rxe7 Rxb1 73. Rb7+ Ka5 74. Kc3 g4 75. Rg7 Rg1 76. Kxb2 Kb4 77. Kc2 Kc4 78. Kd2 Kd4 79. Re7 g3 80. Ke2 Rc1 81. Kf3 Rc3+ 82. Kg2 Re3 83. Re6 Rxe4 84. Rxf6 Ke5 85. Rg6 Kxf5 86. Rxd6 Ke5 87. Re6+ Kxd5 88. Rxe4 Kxe4 89. Kxg3 1/2-1/2

[Event "Niedersachsen-ch op-B"]
[Site "Verden an der Aller"]
[Date "2020.01.04"]
[Round "5"]
[White "Leppert, Hans Juergen"]
[Black "Weist, Hartmut"]
[Result "0-1"]
[WhiteElo "1816"]
[BlackElo "1613"]
[PlyCount "92"]
[EventDate "2020.01.02"]
[EventType "swiss"]
[EventRounds "7"]
[EventCountry "GER"]
[SourceTitle "EXT 2023"]
[Source "ChessBase"]
[SourceDate "2022.10.05"]
[SourceVersion "1"]
[SourceVersionDate "2022.10.05"]
[SourceQuality "1"]

1. c4 Nf6 2. Nc3 e5 3. Nf3 Nc6 4. e3 d5 5. cxd5 Nxd5 6. Bb5 Nxc3 7. bxc3 Bd6 8. d4 exd4 9. cxd4 0-0 10. 0-0 Bg4 11. Be2 Qe7 12. Bb2 f5 13. Qb3+ Kh8 14. Bc1 Rab8 15. Qd3 Rf6 16. Qd1 Bxf3 17. Bxf3 Bxh2+ 18. Kxh2 Rh6+ 19. Bh5 Qh4+ 20. Kg1 Rxh5 21. f3 Qh2+ 22. Kf2 Rg5 23. Rg1 Qg3+ 24. Kf1 Rd8 25. Qe2 Rd6 26. Rb1 b6 27. Rb2 h6 28. Rc2 Rdg6 29. Qb5 Qd6 30. Qc4 Qb4 31. Bd2 Qxc4+ 32. Rxc4 a5 33. d5 Ne5 34. Rxc7 Nxf3 35. Bc1 Nxg1 36. e4 Rxg2 37. exf5 R6g4 38. d6 Nh3 39. d7 Rg1+ 40. Ke2 R1g2+ 41. Kd1 Rd4+ 42. Ke1 Rg1+ 43. Ke2 Rgd1 44. f6 gxf6 45. Bb2 Rxd7 46. Bxf6+ Kh7 0-1

[Event "Niedersachsen-ch op-B"]
[Site "Verden an der Aller"]
[Date "2020.01.02"]
[Round "1"]
[White "Heller, Rainer"]
[Black "Weist, Hartmut"]
[Result "1-0"]
[WhiteElo "1348"]
[BlackElo "1613"]
[PlyCount "109"]
[EventDate "2020.01.02"]
[EventType "swiss"]
[EventRounds "7"]
[EventCountry "GER"]
[SourceTitle "EXT 2023"]
[Source "ChessBase"]
[SourceDate "2022.10.05"]
[SourceVersion "1"]
[SourceVersionDate "2022.10.05"]
[SourceQuality "1"]

1. e4 c5 2. c4 Nc6 3. Nc3 g6 4. g3 Bg7 5. Nge2 d6 6. h3 Nf6 7. Bg2 Bd7 8. d3 a6 9. a4 0-0 10. 0-0 Qc8 11. Kh2 e6 12. f4 e5 13. g4 Ne7 14. Ng3 Rb8 15. Qf3 Nc6 16. Nce2 Na5 17. g5 Ne8 18. f5 gxf5 19. Nxf5 Bxf5 20. exf5 f6 21. Ng3 Nb3 22. Rb1 Nxc1 23. Rbxc1 fxg5 24. Qg4 h6 25. Nh5 Nf6 26. Nxf6+ Rxf6 27. Rf2 b5 28. axb5 axb5 29. cxb5 Kh8 30. Bc6 Qc7 31. Rg1 Bf8 32. h4 Qg7 33. Qh5 Qf7 34. Qxf7 Rxf7 35. hxg5 hxg5 36. Rxg5 Rh7+ 37. Kg1 Bh6 38. Rg3 Bf4 39. Rgf3 Rg8+ 40. Kf1 Rh1+ 41. Ke2 Rgg1 42. Rxf4 Re1+ 43. Kd2 Rd1+ 44. Kc2 Rc1+ 45. Kb3 exf4 46. Bxh1 Rxh1 47. Rxf4 Kg7 48. d4 Rh3+ 49. Kc4 cxd4 50. Rxd4 Kf6 51. Rxd6+ Kxf5 52. b6 Rh2 53. b4 Rc2+ 54. Kb5 Rc8 55. b7 1-0

[Event "Niedersachsen-ch op B"]
[Site "Verden"]
[Date "2019.01.05"]
[Round "6"]
[White "Weist, Hartmut"]
[Black "Toepsch, Arne"]
[Result "1-0"]
[WhiteElo "1614"]
[BlackElo "1333"]
[PlyCount "117"]
[EventDate "2019.01.03"]
[EventType "swiss"]
[EventRounds "7"]
[EventCountry "GER"]
[SourceTitle "EXT 2022"]
[Source "ChessBase"]
[SourceDate "2021.10.06"]
[SourceVersion "1"]
[SourceVersionDate "2021.10.06"]
[SourceQuality "1"]

1. e4 c5 2. Nf3 g6 3. d4 cxd4 4. Nxd4 Nc6 5. Be3 Nf6 6. Nc3 Bg7 7. Be2 0-0 8. 0-0 d5 9. exd5 Nxd5 10. Nxd5 Nxd4 11. Bxd4 Qxd5 12. Bxg7 Qxd1 13. Rfxd1 Kxg7 14. Rd2 Be6 15. Bf3 Rfd8 16. Rad1 Rxd2 17. Rxd2 Rc8 18. a3 Bf5 19. c3 b6 20. Kf1 e5 21. g4 e4 22. gxf5 exf3 23. Rd3 Rc5 24. Rxf3 Rxf5 25. Rxf5 gxf5 26. Kg2 Kf6 27. Kg3 Ke5 28. Kf3 f4 29. h4 Kf5 30. c4 Ke5 31. h5 Kf5 32. b4 Ke5 33. c5 bxc5 34. bxc5 a5 35. c6 Kd6 36. c7 Kxc7 37. Kxf4 Kd7 38. Kg5 Ke8 39. Kh6 f5 40. Kg5 Kf8 41. Kxf5 Kf7 42. Kg5 Kg7 43. f4 h6+ 44. Kf5 Kf7 45. Ke5 Ke7 46. a4 Kf7 47. f5 Ke7 48. f6+ Kf8 49. Ke6 Ke8 50. Kf5 Kf7 51. Ke5 Kf8 52. Ke6 Ke8 53. Kd6 Kf7 54. Kc5 Kxf6 55. Kb5 Ke7 56. Kxa5 Kd7 57. Kb6 Kc8 58. Kc6 Kd8 59. Kb7 1-0

[Event "Niedersachsen-ch op B"]
[Site "Verden"]
[Date "2019.01.04"]
[Round "4"]
[White "Weist, Hartmut"]
[Black "Haselhorst, Nils"]
[Result "1/2-1/2"]
[WhiteElo "1614"]
[BlackElo "1409"]
[PlyCount "53"]
[EventDate "2019.01.03"]
[EventType "swiss"]
[EventRounds "7"]
[EventCountry "GER"]
[SourceTitle "EXT 2022"]
[Source "ChessBase"]
[SourceDate "2021.10.06"]
[SourceVersion "1"]
[SourceVersionDate "2021.10.06"]
[SourceQuality "1"]

1. e4 e5 2. Nf3 Nc6 3. Nc3 Nf6 4. d4 exd4 5. Nxd4 Bb4 6. Nxc6 bxc6 7. Bd3 0-0 8. 0-0 d5 9. exd5 cxd5 10. Bg5 c6 11. Qf3 Qd6 12. Bxf6 Qxf6 13. Qxf6 gxf6 14. Ne2 Re8 15. c3 Bd6 16. Rfe1 Re5 17. Nd4 Bd7 18. Nf3 Ree8 19. h3 Kg7 20. Nd4 Re5 21. Rxe5 fxe5 22. Nf5+ Bxf5 23. Bxf5 Rd8 24. Kf1 c5 25. f3 h6 26. Rb1 Kf6 27. Bc2 1/2-1/2

[Event "Niedersachsen-ch op B"]
[Site "Verden"]
[Date "2018.01.07"]
[Round "7"]
[White "Baldauf, Karsten"]
[Black "Weist, Hartmut"]
[Result "1/2-1/2"]
[WhiteElo "1593"]
[BlackElo "1655"]
[PlyCount "83"]
[EventDate "2018.01.04"]
[EventType "swiss"]
[EventRounds "7"]
[EventCountry "GER"]
[SourceTitle "EXT 2022"]
[Source "ChessBase"]
[SourceDate "2021.10.06"]
[SourceVersion "1"]
[SourceVersionDate "2021.10.06"]
[SourceQuality "1"]

1. c4 Nf6 2. Nc3 e6 3. g3 d5 4. d4 Bb4 5. a3 Bxc3+ 6. bxc3 b6 7. Bg2 Bb7 8. Nf3 Nbd7 9. 0-0 0-0 10. cxd5 exd5 11. a4 Re8 12. a5 Ba6 13. Re1 Ne4 14. Qc2 h6 15. e3 c5 16. Nd2 Ndf6 17. Nxe4 dxe4 18. Bb2 Bd3 19. Qb3 c4 20. Qb5 bxa5 21. Qxa5 Qxa5 22. Rxa5 Reb8 23. Ba3 a6 24. f3 Rb5 25. Bb4 Rxa5 26. Bxa5 Rb8 27. Rc1 Rb5 28. Ra1 Rb2 29. fxe4 Nxe4 30. Bb4 f5 31. Bf3 Rb1+ 32. Rxb1 Bxb1 33. Bxe4 Bxe4 34. Kf2 Kf7 35. Ke1 Kg6 36. Kf2 Kh5 37. h3 Kg5 38. h4+ Kf6 39. Ke1 g5 40. hxg5+ hxg5 41. Kd2 Bd3 42. d5 1/2-1/2

[Event "Niedersachsen-ch op B"]
[Site "Verden"]
[Date "2018.01.04"]
[Round "1"]
[White "Kiesel, Lara"]
[Black "Weist, Hartmut"]
[Result "1/2-1/2"]
[WhiteElo "1504"]
[BlackElo "1655"]
[PlyCount "47"]
[EventDate "2018.01.04"]
[EventType "swiss"]
[EventRounds "7"]
[EventCountry "GER"]
[SourceTitle "EXT 2022"]
[Source "ChessBase"]
[SourceDate "2021.10.06"]
[SourceVersion "1"]
[SourceVersionDate "2021.10.06"]
[SourceQuality "1"]

1. e4 c5 2. Nf3 Nc6 3. Bb5 Nd4 4. Bc4 e6 5. c3 Nc6 6. d4 cxd4 7. cxd4 Bb4+ 8. Bd2 Nge7 9. Nc3 d5 10. exd5 exd5 11. Bd3 Bg4 12. a3 Ba5 13. 0-0 Qd7 14. Be3 Bb6 15. Bb5 0-0 16. Na4 Qf5 17. Nxb6 Bxf3 18. Qxf3 Qxf3 19. gxf3 axb6 20. Rac1 Rac8 21. Bd3 Na5 22. b4 Nc4 23. a4 g6 24. Kh1 1/2-1/2

[Event "Niedersachsen-ch op B"]
[Site "Verden"]
[Date "2018.01.04"]
[Round "2"]
[White "Weist, Hartmut"]
[Black "Tenninger, Joerg"]
[Result "1/2-1/2"]
[WhiteElo "1655"]
[BlackElo "1518"]
[PlyCount "79"]
[EventDate "2018.01.04"]
[EventType "swiss"]
[EventRounds "7"]
[EventCountry "GER"]
[SourceTitle "EXT 2022"]
[Source "ChessBase"]
[SourceDate "2021.10.06"]
[SourceVersion "1"]
[SourceVersionDate "2021.10.06"]
[SourceQuality "1"]

1. e4 e6 2. d4 d5 3. Nd2 Nf6 4. e5 Nfd7 5. Bd3 c5 6. c3 Nc6 7. Ndf3 Qb6 8. Ne2 Be7 9. 0-0 0-0 10. Re1 a5 11. b3 Kh8 12. Be3 Qc7 13. Qd2 b6 14. Ng5 cxd4 15. cxd4 Bb4 16. Nc3 Ndxe5 17. Bxh7 Bxc3 18. Qxc3 Ng4 19. Rac1 Qxh2+ 20. Kf1 Nb4 21. Ke2 Ba6+ 22. Kf3 Nh6 23. Rh1 Qd6 24. Bb1 Rac8 25. Qxc8 Bxc8 26. Rxc8 Qe7 27. Rhc1 g6 28. R8c7 Qf6+ 29. Ke2 Kg7 30. Rh1 Na6 31. Ra7 Nb8 32. Rb7 Nc6 33. Nf3 Nf5 34. Bxf5 exf5 35. Bh6+ Kg8 36. Bxf8 Kxf8 37. Rh7 Kg8 38. Rhxf7 Qxf7 39. Rxf7 Kxf7 40. Ke3 1/2-1/2

[Event "Niedersachsen-ch op-B"]
[Site "Verden"]
[Date "2016.01.05"]
[Round "6"]
[White "Weist, Hartmut"]
[Black "Sinnhoefer, Jonas"]
[Result "1-0"]
[WhiteElo "1665"]
[BlackElo "1741"]
[PlyCount "41"]
[EventDate "2016.01.03"]
[EventType "swiss"]
[EventRounds "7"]
[EventCountry "GER"]
[SourceTitle "EXT 2018"]
[Source "ChessBase"]
[SourceDate "2017.10.13"]
[SourceVersion "1"]
[SourceVersionDate "2017.10.13"]
[SourceQuality "1"]

1. e4 e5 2. Nf3 Nc6 3. d4 exd4 4. Nxd4 Nf6 5. Nxc6 bxc6 6. e5 Qe7 7. Qe2 Nd5 8. c4 Ba6 9. Bd2 Qh4 10. Nc3 Bc5 11. g3 Qe7 12. Bg2 Nb4 13. Rc1 Bd4 14. a3 Bxc3 15. Rxc3 Nd5 16. Rc2 Qe6 17. cxd5 Qg6 18. Qe4 cxd5 19. Qxg6 hxg6 20. Rxc7 Bc4 21. Rxc4 1-0

[Event "Niedersachsen-ch op-B"]
[Site "Verden"]
[Date "2016.01.04"]
[Round "4"]
[White "Schwenteck, Peter"]
[Black "Weist, Hartmut"]
[Result "1-0"]
[WhiteElo "1855"]
[BlackElo "1665"]
[PlyCount "129"]
[EventDate "2016.01.03"]
[EventType "swiss"]
[EventRounds "7"]
[EventCountry "GER"]
[SourceTitle "EXT 2018"]
[Source "ChessBase"]
[SourceDate "2017.10.13"]
[SourceVersion "1"]
[SourceVersionDate "2017.10.13"]
[SourceQuality "1"]

1. d4 e6 2. c4 Nf6 3. Nf3 d5 4. g3 c5 5. cxd5 Nxd5 6. Bg2 cxd4 7. 0-0 Nc6 8. Qa4 Bd7 9. Nxd4 Bc5 10. Nxc6 Bxc6 11. Qg4 Qf6 12. Nd2 h5 13. Qc4 Qd4 14. Qc2 Nb4 15. Bxc6+ bxc6 16. Qa4 Qd7 17. Ne4 Be7 18. Rd1 Qc7 19. Be3 Nd5 20. Bc5 0-0 21. Rac1 Rfd8 22. Bxe7 Nxe7 23. Nc3 Qb6 24. b3 Nd5 25. Ne4 Ne7 26. Ng5 Rd5 27. Rxd5 cxd5 28. Qd7 Qd8 29. Qb7 Rb8 30. Qxa7 Ra8 31. Qc7 Qe8 32. Qc2 Qb5 33. a4 Qb4 34. Qh7+ Kf8 35. Qxh5 Ng6 36. Qf3 Ne5 37. Qc3 Qd6 38. f4 Ng4 39. Nf3 Qb6+ 40. Qc5+ Qxc5+ 41. Rxc5 Rb8 42. Nd4 Rb4 43. Rc8+ Ke7 44. Nc6+ Kd7 45. Nxb4 Kxc8 46. Nd3 Ne3 47. Kf2 Nf5 48. b4 Nd6 49. g4 Ne4+ 50. Ke3 Nc3 51. h4 Nxa4 52. h5 Nb6 53. g5 Nd7 54. Kd4 Nf8 55. h6 gxh6 56. gxh6 f6 57. Kc5 Kc7 58. Kb5 Kd6 59. Ka6 e5 60. b5 e4 61. Nb4 d4 62. b6 d3 63. exd3 e3 64. Nc2 e2 65. b7 1-0

[Event "Niedersachsen-ch op-B"]
[Site "Verden"]
[Date "2016.01.03"]
[Round "1"]
[White "Weist, Hartmut"]
[Black "Kiesel, Lucas"]
[Result "0-1"]
[WhiteElo "1665"]
[BlackElo "1591"]
[PlyCount "62"]
[EventDate "2016.01.03"]
[EventType "swiss"]
[EventRounds "7"]
[EventCountry "GER"]
[SourceTitle "EXT 2018"]
[Source "ChessBase"]
[SourceDate "2017.10.13"]
[SourceVersion "1"]
[SourceVersionDate "2017.10.13"]
[SourceQuality "1"]

1. e4 d6 2. d4 Nf6 3. Nc3 g6 4. f4 Bg7 5. Be2 0-0 6. Nf3 c5 7. d5 e6 8. 0-0 exd5 9. exd5 Bf5 10. Re1 Nbd7 11. Bd3 Bxd3 12. Qxd3 Nb6 13. Ng5 Re8 14. Bd2 Qd7 15. Nge4 Nxe4 16. Rxe4 Rxe4 17. Qxe4 Re8 18. Qf3 Qf5 19. Rc1 Nc4 20. Be1 Re3 21. g4 Rxf3 22. gxf5 Nxb2 23. Nb5 Nc4 24. fxg6 hxg6 25. Nxa7 Ra3 26. Nc8 Rxa2 27. c3 Ra8 28. Ne7+ Kf8 29. Bh4 Re8 30. Re1 Bxc3 31. Nxg6+ fxg6 0-1

[Event "Niedersachsen-ch op-A"]
[Site "Verden"]
[Date "2014.01.02"]
[Round "1"]
[White "Stipancic, Michael"]
[Black "Weist, Hartmut"]
[Result "1-0"]
[WhiteElo "1809"]
[BlackElo "1682"]
[PlyCount "113"]
[EventDate "2014.01.02"]
[EventType "swiss"]
[EventRounds "7"]
[EventCountry "GER"]
[SourceTitle "EXT 2016"]
[Source "ChessBase"]
[SourceDate "2015.10.08"]
[SourceVersion "1"]
[SourceVersionDate "2015.10.08"]
[SourceQuality "1"]

1. c4 e5 2. Nc3 Nf6 3. Nf3 Nc6 4. d3 d5 5. cxd5 Nxd5 6. g3 Bb4 7. Bd2 0-0 8. Bg2 Nxc3 9. bxc3 Bc5 10. 0-0 f5 11. Qb3+ Kh8 12. Ng5 Qf6 13. Bd5 h6 14. Ne6 Bxe6 15. Bxe6 Na5 16. Qb5 Bb6 17. Bb3 a6 18. Qa4 Nxb3 19. Qxb3 f4 20. Qd5 fxg3 21. hxg3 Qg6 22. Kg2 c6 23. Qb3 c5 24. f3 Rad8 25. Be3 Rd6 26. Qc4 Qe6 27. Qxe6 Rxe6 28. Rab1 Rf7 29. Rb3 Ba7 30. c4 b6 31. a4 Kh7 32. Rfb1 Rff6 33. Ra1 a5 34. Rh1 Rc6 35. Bd2 Rf8 36. Rh4 Bb8 37. Re4 Bd6 38. Bc3 Rf5 39. Rb1 h5 40. Rh1 Kg6 41. g4 hxg4 42. fxg4 Rf4 43. Rxf4 exf4 44. Kf3 Kf7 45. Rh7 Bf8 46. Kxf4 Kg6 47. Rh5 Be7 48. Rd5 Bf6 49. Bxf6 Rxf6+ 50. Ke4 Re6+ 51. Re5 Rxe5+ 52. Kxe5 Kg5 53. e3 Kxg4 54. d4 cxd4 55. exd4 g5 56. d5 Kf3 57. d6 1-0

[Event "Niedersachsen-ch op-A"]
[Site "Verden"]
[Date "2013.01.05"]
[Round "5"]
[White "Majewski, Tomasz"]
[Black "Weist, Hartmut"]
[Result "1/2-1/2"]
[WhiteElo "1800"]
[BlackElo "1654"]
[PlyCount "113"]
[EventDate "2013.01.03"]
[EventType "swiss"]
[EventRounds "7"]
[EventCountry "GER"]
[SourceTitle "EXT 2014"]
[Source "ChessBase"]
[SourceDate "2013.11.20"]
[SourceVersion "1"]
[SourceVersionDate "2013.11.20"]
[SourceQuality "1"]

1. e4 c5 2. Nf3 Nc6 3. d4 cxd4 4. Nxd4 Nf6 5. Nc3 e5 6. Ndb5 d6 7. Bg5 a6 8. Na3 b5 9. Bxf6 gxf6 10. Nd5 Be6 11. c3 Rc8 12. Nc2 Bxd5 13. Qxd5 Ne7 14. Qd2 d5 15. Bd3 dxe4 16. Bxe4 Qxd2+ 17. Kxd2 f5 18. Bb7 Rd8+ 19. Ke2 a5 20. Ba6 Rb8 21. Na3 Nd5 22. Bxb5+ Ke7 23. Rhd1 Ke6 24. c4 Nf4+ 25. Kf1 Bxa3 26. bxa3 Rhd8 27. g3 Nd3 28. Rab1 e4 29. Bc6 Ke5 30. Ke2 f4 31. f3 fxg3 32. hxg3 f5 33. Rb5+ Rxb5 34. cxb5 Rb8 35. fxe4 fxe4 36. Ke3 Rg8 37. Rg1 Nb2 38. g4 Nc4+ 39. Ke2 h5 40. g5 Kf5 41. Bd5 Rc8 42. g6 Nxa3 43. g7 Nxb5 44. g8Q Rxg8 45. Bxg8 Kf4 46. Rf1+ Kg3 47. Rf5 Nd4+ 48. Ke3 Nxf5+ 49. Kxe4 Ne7 50. Bh7 Nc6 51. a3 Na7 52. Kd3 Kf4 53. Be4 Ke5 54. Bf3 Kd6 55. Bxh5 Kc5 56. Kc3 Nb5+ 57. Kb3 1/2-1/2

[Event "Niedersachsen-ch op-A"]
[Site "Verden"]
[Date "2013.01.03"]
[Round "2"]
[White "Weist, Hartmut"]
[Black "Lai Hop, Duong"]
[Result "0-1"]
[WhiteElo "1654"]
[BlackElo "2203"]
[PlyCount "44"]
[EventDate "2013.01.03"]
[EventType "swiss"]
[EventRounds "7"]
[EventCountry "GER"]
[SourceTitle "EXT 2014"]
[Source "ChessBase"]
[SourceDate "2013.11.20"]
[SourceVersion "1"]
[SourceVersionDate "2013.11.20"]
[SourceQuality "1"]

1. e4 d5 2. exd5 Qxd5 3. Nc3 Qd6 4. d4 c6 5. g3 Nf6 6. Bf4 Qd8 7. Bg2 Bg4 8. f3 Bf5 9. Qd2 e6 10. Nh3 Bb4 11. a3 Ba5 12. b4 Bb6 13. Be3 0-0 14. 0-0 e5 15. Rad1 exd4 16. Bxd4 Qxd4+ 17. Qxd4 Bxd4+ 18. Rxd4 Bxc2 19. Re1 Nbd7 20. Re7 Rad8 21. Ne4 Nd5 22. Nd6 Nxe7 0-1

[Event "GER Seniors Derby 09th"]
[Site "Wesel Undeloh"]
[Date "2010.04.11"]
[Round "7.12"]
[White "Weist, Hartmut"]
[Black "Soffner, Gerhard"]
[Result "1/2-1/2"]
[WhiteElo "1659"]
[BlackElo "1785"]
[PlyCount "21"]
[EventDate "2010.04.08"]
[EventType "swiss"]
[EventRounds "7"]
[EventCountry "GER"]
[SourceTitle "EXT 2022"]
[Source "ChessBase"]
[SourceDate "2021.10.06"]
[SourceVersion "1"]
[SourceVersionDate "2021.10.06"]
[SourceQuality "1"]

1. e4 c6 2. d4 d6 3. c4 g6 4. Nc3 Bg7 5. Be2 Qc7 6. Nf3 Nf6 7. 0-0 Nbd7 8. b4 b6 9. Bb2 0-0 10. Qc2 a6 11. a4 1/2-1/2

[Event "GER Seniors Derby 09th"]
[Site "Wesel Undeloh"]
[Date "2010.04.10"]
[Round "5.19"]
[White "Weist, Hartmut"]
[Black "Baum, Horst"]
[Result "1-0"]
[WhiteElo "1659"]
[BlackElo "1387"]
[PlyCount "67"]
[EventDate "2010.04.08"]
[EventType "swiss"]
[EventRounds "7"]
[EventCountry "GER"]
[SourceTitle "EXT 2022"]
[Source "ChessBase"]
[SourceDate "2021.10.06"]
[SourceVersion "1"]
[SourceVersionDate "2021.10.06"]
[SourceQuality "1"]

1. e4 c5 2. Nf3 d6 3. d4 cxd4 4. Nxd4 a6 5. c4 Nd7 6. Nc3 e6 7. Be2 Ngf6 8. Be3 Be7 9. 0-0 0-0 10. f4 Qc7 11. Nf3 b6 12. f5 Bb7 13. fxe6 fxe6 14. Ng5 Qc8 15. Nxe6 Re8 16. Qc2 Ne5 17. Nf4 Nxc4 18. Bf2 Bf8 19. Nfd5 Bxd5 20. Nxd5 Ne5 21. Nxf6+ gxf6 22. Qb3+ Qe6 23. Qxe6+ Rxe6 24. Rac1 Kh8 25. Bh4 Bg7 26. Rc7 Ng6 27. Bg3 Rxe4 28. Bf3 f5 29. Bxe4 fxe4 30. Rff7 Rg8 31. Bxd6 h5 32. Bb4 Nf8 33. Bxf8 Bxf8 34. Rh7# 1-0